000 00653nam a2200241 i 4500
001 C2-0321641
003 PPAK
005 20180728120736.0
008 130226s2012 xx a|||| ||||| | eng d
022 _a1823-6782
040 _aPPAK
_beng
_cPPAK
_erda
082 0 4 _a505
_223
090 0 0 _a505
_bASM
_dR
245 0 0 _aASM science journal
264 1 _bAcademy of Sciences Malaysia ,
_c2012
300 _a173 pages :
_bcolour illustrations ;
_c29 cm
336 _2rdacontent
_atext
337 _2rdamedia
_aunmediated
338 _2rdacarrier
_avolume
500 _aVol.6, No.2, December 2012
650 1 0 _aScience - Periodicals
942 _ddc
_cB
999 _c122057
_d122057